HIGHER EDUCATION: ASSESSMENT AND TECHNIQUES (Record no. 216165)

MARC details
000 -LEADER
fixed length control field 00446nam a22001457a 4500
008 - FIXED-LENGTH DATA ELEMENTS--GENERAL INFORMATION
fixed length control field 251112b |||||||| |||| 00| 0 eng d
020 ## - INTERNATIONAL STANDARD BOOK NUMBER
International Standard Book Number 979-8-88715-049-9
100 ## - MAIN ENTRY--PERSONAL NAME
Personal name HEMSWORTH, CHARLIE
245 ## - TITLE STATEMENT
Title HIGHER EDUCATION: ASSESSMENT AND TECHNIQUES
260 ## - PUBLICATION, DISTRIBUTION, ETC.
Place of publication, distribution, etc. DUBLIN
Name of publisher, distributor, etc. ORYSON PRESS
Date of publication, distribution, etc. 2023
300 ## - PHYSICAL DESCRIPTION
Extent X. 277P.
650 ## - SUBJECT ADDED ENTRY
Topical term or geographic name entry element 1. EDUCATION, HIGHER -EVALUATION 2. EDUCATIONAL TESTS AND MEASUREMENT
942 ## - ADDED ENTRY ELEMENTS (KOHA)
Source of classification or shelving scheme Library of Congress Classification
Koha item type Long Loan Book
Holdings
Withdrawn status Lost status Source of classification or shelving scheme Damaged status Not for loan Collection Home library Current library Shelving location Date acquired Inventory number Total checkouts Full call number Barcode Date last seen Copy number Price effective from Koha item type
    Library of Congress Classification     Arts & Social Sciences Kisii University Library Kisii University Library On Display 11/12/2025 109669   LB 2331 .H46 2023 000000018396 11/12/2025 C.1 11/12/2025 Long Loan Book
    Library of Congress Classification     Arts & Social Sciences Kisii University Library Kisii University Library On Display 11/12/2025 109670   LB 2331 .H46 2023 000000018395 11/12/2025 C.2 11/12/2025 Long Loan Book
    Library of Congress Classification     Arts & Social Sciences Kisii University Library Kisii University Library On Display 11/12/2025 109671   LB 2331 .H46 2023 000000018394 11/12/2025 C.3 11/12/2025 Long Loan Book
    Library of Congress Classification     Arts & Social Sciences Kisii University Library Kisii University Library On Display 11/12/2025 109672   LB 2331 .H46 2023 000000018393 11/12/2025 C. 4 11/12/2025 Long Loan Book